पहलवान जी / (Record no. 54545)

MARC details
000 -LEADER
fixed length control field 02196nam a22003137a 4500
005 - DATE AND TIME OF LATEST TRANSACTION
control field 20110728165839.0
010 ## - LCCN (DPL NO)
LC control number B-435883-887
020 ## - INTERNATIONAL STANDARD BOOK NUMBER
International Standard Book Number 8182634083
Terms of availability 20.00
035 ## - SYSTEM CONTROL NUMBER
System control number B-435883-887
037 ## - SOURCE OF ACQUISITION
Source of stock number/acquisition ब्ल्यूबेरी बुक्स
082 ## - DEWEY DECIMAL CLASSIFICATION NUMBER
Classification number
100 ## - MAIN ENTRY--PERSONAL NAME
Personal name जायसवाल, संजीव 'संजय'
245 ## - TITLE STATEMENT
Title पहलवान जी /
Statement of responsibility, etc संजीव जायसवाल 'संजय'; अजीत नारायण द्वारा चित्रांकित
246 ## - VARYING FORM OF TITLE
Title proper/short title Pahalwan ji
Remainder of title by Sanjeev Jayaswal 'Sanjay'
250 ## - EDITION STATEMENT
Edition statement 3रा हिन्दी संस्क.
260 ## - PUBLICATION, DISTRIBUTION, ETC. (IMPRINT)
Place of publication, distribution, etc नई दिल्ली
Name of publisher, distributor, etc प्रथम बुक्स
Date of publication, distribution, etc 2010
270 ## - ADDRESS
Address 633-634, 4th "C" Main, 6th 'B' Cross, OMBR Layout, Banaswadi,
City Bangalore
Postal code 560043
Telephone number +91 11 41042483
300 ## - PHYSICAL DESCRIPTION
Extent अ.पृ.
Other physical details सचित्र
Dimensions 18सेमी (अजिल्द)
700 ## - ADDED ENTRY--PERSONAL NAME
9 (RLIN) 28835
Personal name अजीत नारायण
700 ## - ADDED ENTRY--PERSONAL NAME
9 (RLIN) 28836
700 ## - ADDED ENTRY--PERSONAL NAME
9 (RLIN) 30368
942 ## - ADDED ENTRY ELEMENTS (KOHA)
Source of classification or shelving scheme Dewey Decimal Classification
Item type Children Books
Classification part
Call number suffix जायस
Holdings
Withdrawn status Lost status Not for loan Collection code Home library Current library Date acquired Source of acquisition Cost, normal purchase price Full call number Barcode Copy number Cost, replacement price Koha item type Public note
      Fiction Bawana Bawana 03/08/2011 ब्लयूबेरी /6364/25.3.2011/83/21.3.11/31.3.11 20.00 क जायस B-435886 1 20.00 Children Books  
      Fiction Central Library Central Library 03/08/2011 ब्लयूबेरी /6364/25.3.2011/83/21.3.11/31.3.11 20.00 क जायस B-435883 1 20.00 Children Books  
  Written-off vide DLB M. No. 383 dt 16.05.19   Fiction Patel Nagar Patel Nagar 03/08/2011 ब्लयूबेरी /6364/25.3.2011/83/21.3.11/31.3.11 20.00 क जायस B-435884 1 20.00 Children Books  
  Written-off vide DLB M. No. 383 dt 16.05.19   Fiction Sarojini Nagar Sarojini Nagar 03/08/2011 ब्लयूबेरी /6364/25.3.2011/83/21.3.11/31.3.11 20.00 क जायस B-435885 1 20.00 Children Books  
Written off     Fiction Shahdara Branch Shahdara Branch 03/08/2011 ब्लयूबेरी /6364/25.3.2011/83/21.3.11/31.3.11 20.00 क जायस B-435887 1 20.00 Children Books Written off on approval by DLB (By Circulation); dtd 20.12.2022

© Delhi Public Library
Hit Counter
free hit counter